Statistics for Countries Bordering 2 Oceans

Click here to take the quiz!

General Stats

  • This quiz has been taken 312 times
  • The average score is 16 of 20

Answer Stats

Country% Correct
United States
97%
Canada
96%
Australia
93%
Mexico
92%
Russia
90%
South Africa
90%
Indonesia
88%
Panama
88%
Costa Rica
84%
Chile
83%
Colombia
81%
Honduras
80%
Nicaragua
80%
Guatemala
79%
Malaysia
78%
Egypt
65%
Thailand
64%
Singapore
57%
East Timor
53%
Israel
48%

Score Distribution

Percentile by Number Answered

Percent of People with Each Score

Your Score History

You have not taken this quiz